[Event "BEL-ch op"]
[Site "Geel"]
[Date "1996.07.??"]
[Round "4.1"]
[White "Luyckx, Wim"]
[Black "Lenartowski, Peter"]
[Result "1-0"]
[WhiteElo "1983"]
[BlackElo "1934"]
[PlyCount "69"]
[EventDate "1996.07.06"]
[EventType "swiss"]
[EventRounds "9"]
[EventCountry "BEL"]
[SourceTitle "EXT 2021"]
[Source "ChessBase"]
[SourceDate "2020.10.23"]
[SourceVersion "1"]
[SourceVersionDate "2020.10.23"]
[SourceQuality "1"]

1. e4 e5 2. Nf3 Nc6 3. d4 Qe7 4. Nc3 exd4 5. Nxd4 Qf6 6. Ndb5 Bc5 7. Nxc7+ Kd8 8. f3 Nh6 9. Nxa8 Ng4 10. Qd5 Bf2+ 11. Kd1 Nge5 12. Qd2 Bc5 13. Qg5 Qxg5 14. Bxg5+ f6 15. Bf4 Ne7 16. Bxe5 fxe5 17. Bc4 b6 18. Nd5 Nxd5 19. Bxd5 Ba6 20. c3 Kc8 21. b4 Be7 22. Kc2 Bb7 23. Nxb6+ axb6 24. Bxb7+ Kxb7 25. Rhd1 Kc7 26. Rd5 d6 27. a4 Kc6 28. a5 b5 29. a6 Ra8 30. Kb3 Kb6 31. a7 g5 32. Ra5 g4 33. Rdxb5+ Kc6 34. Rb8 gxf3 35. gxf3 1-0